书目信息 |
| 题名: |
老年病人家庭护理指导
|
|
| 作者: | 夏廉博 主编 | |
| 分册: | ||
| 出版信息: | 上海 上海科学技术文献出版社 1987 |
|
| 页数: | 233页 | |
| 开本: | 19cm | |
| 丛书名: | ||
| 单 册: | ||
| 中图分类: | R473.2 , R47 | |
| 科图分类: | ||
| 主题词: | 老年病-护理 , 护理-老年病 , 护理学 | |
| 电子资源: | ||
| ISBN: | ||
| 000 | 00730nam0 2200277 45 | |
| 001 | 0187009533 | |
| 005 | 20040524101903.1 | |
| 010 | @dCNY1.65 | |
| 091 | @a14192.52 | |
| 100 | @a19901019d1987 em y0chiy0121 ea | |
| 101 | 0 | @achi |
| 102 | @aCN@b310000 | |
| 105 | @af z 000yy | |
| 106 | @ar | |
| 200 | 10 | @a老年病人家庭护理指导@Alao nian bing ren jia ting hu li zhi dao@f夏廉博主编 |
| 210 | @a上海@c上海科学技术文献出版社@d1987 | |
| 215 | @a233页@c图@d19cm | |
| 606 | @a老年病-护理 | |
| 606 | @a护理-老年病 | |
| 606 | 0 | @a护理学 |
| 690 | @aR473.2@v3 | |
| 690 | @aR47 | |
| 701 | 0 | @a夏廉博@Axia lian bo@4主编 |
| 801 | 0 | @aCN@b深圳图书馆@c20040524 |
| 801 | 2 | @aCN@bNLC@c20040524 |
| 905 | @f2@b204531-532@dR47@e23 | |
| 老年病人家庭护理指导/夏廉博主编.-上海:上海科学技术文献出版社,1987 |
| 233页:图;19cm |
| ISBN :CNY1.65 |
| ● |
| 相关链接 |
|
|
|
|
正题名:老年病人家庭护理指导
索取号:R47/23
 
预约/预借
| 序号 | 登录号 | 条形码 | 馆藏地/架位号 | 状态 | 备注 |
| 1 | 0204531 | 000715676 | 第三借阅区/ [索取号:R47/23] | 在馆 | |
| 2 | 0204532 | 000715685 | 第三借阅区/ [索取号:R47/23] | 在馆 | |
| 3 | 0204533 | 000714757 | 第二样本阅览室/ [索取号:R47/23] | 在馆 |